Obálka Náhled e-knihy:
PDF Epub
Pro půjčování e-knih musíte být přihlášeni.
Jak si půjčit online?

Cirkus jede! /

Obrázkové čtení o cirkusu Pimprlákov, který přijel do městečka, a děti už se nemůžou dočkat, až ho navštíví.

Uloženo v:
Hlavní autor: Šulc, Petr, 1961- (Autor)
Další autoři: Gasko, Katarína, 1980- (Autor)
Médium: E-kniha
Jazyk:Slovak
Vydáno: [Praha] : Pierot, [2020]
Edice:Obrázkové čítanie
Témata:
Tagy:
Žádné tagy
LEADER 02316nam a2200481 i 4500
001 311585
003 CZ PrSKC
005 20260601215708.0
007 ta
008 200529s2020 xr a b 000 j slo
015 |a cnb003219365  |z cnb003219367 
020 |a 9788073537258  |q (brožováno) 
020 |a 978-80-7353-756-2  |q (vázáno) 
035 |a (OCoLC)1200255132 
040 |a ABG001  |b cze  |e rda 
041 1 |a slo  |h cze 
072 7 |a 821.162.3-3  |x Česká próza  |2 Konspekt 
072 7 |a 821-93  |x Literatura pro děti a mládež (beletrie)  |2 Konspekt 
080 |a 821.162.3-32  |2 MRF 
080 |a 821-93  |2 MRF 
080 |a (0:82-32)  |2 MRF 
100 1 |a Šulc, Petr,  |d 1961-  |7 jn20011018797  |4 aut 
245 1 0 |a Cirkus jede! /  |c text: Petr Šulc ; ilustrácie: Katarína Gasko 
264 1 |a [Praha] :  |b Pierot,  |c [2020] 
300 |a 40 stran :  |b barevné ilustrace ;  |c 24 cm 
336 |a text  |b txt  |2 rdacontent 
336 |a statický obraz  |b sti  |2 rdacontent 
337 |a bez média  |b n  |2 rdamedia 
338 |a svazek  |b nc  |2 rdacarrier 
490 1 |a Obrázkové čítanie 
500 |a Přeloženo z češtiny? 
520 2 |a Obrázkové čtení o cirkusu Pimprlákov, který přijel do městečka, a děti už se nemůžou dočkat, až ho navštíví.  |b Co se však stane, když klauna Mikuláše rozbolí zub? A jak dopadne první vystoupení, ve kterém bude slonice Anička jezdit na koloběžce a lev Alfons vyděsí celou manéž? Vybraná podstatná jména jsou nahrazena obrázky, které mají děti pojmenovat. Nakladatelská anotace. Kráceno. 
655 7 |a české příběhy  |7 fd133973  |2 czenas 
655 7 |a publikace pro děti  |7 fd133156  |2 czenas 
655 9 |a Czech stories  |2 eczenas 
655 9 |a children's literature  |2 eczenas 
700 1 |a Gasko, Katarína,  |d 1980-  |7 xx0160470  |4 ill 
830 0 |a Obrázkové čítanie 
900 |a ABA001  |b 19 
044 |a xr 
910 |a RBIT002 
998 |d 353628  |a https://core.palmknihy.cz/api/books/353628/cover?rcuj8s  |b https://core.palmknihy.cz/api/books/353628/cover/400?rcuj8s  |c https://core.palmknihy.cz/api/books/353628/cover/50?rcuj8s  |e   |g 40  |i 9788073537258  |j https://core.palmknihy.cz/api/books/353628/preview.epub  |k https://core.palmknihy.cz/api/books/353628/preview.pdf  |l   |q 49  |r 1  |s https://www.palmknihy.cz/kniha/353628  |t ebook  |y 2022  |z 0 
999 |d 311583